| 000 | 01282cam a2200337 i 4500 | ||
|---|---|---|---|
| 999 |
_c8021 _d8021 |
||
| 001 | 991061283691106706 | ||
| 003 | OSt | ||
| 005 | 20250411125558.0 | ||
| 008 | 250217e202501 spc|||||||||||||0 0 spa|c | ||
| 015 |
_aLL2025 _2bnc |
||
| 017 |
_aDL B 1275-2025 _bBiblioteca de Catalunya |
||
| 020 | _a9788411660815 | ||
| 040 |
_bcat _erda _ccdrm |
||
| 245 | 0 | 3 |
_aLa democracia en riesgo : _b¿internet e IA al servicio de los populismos? / _cFrederic Guerrero-Solé, Laura Pérez-Altable (eds.) ; prólogo de F. Xavier Ruiz Collantes |
| 250 | _aPrimera edición | ||
| 264 | 1 |
_aBarcelona : _bFundació Universitat Oberta de Catalunya, _c2025 |
|
| 300 |
_a174 pàgines ; _c24 cm |
||
| 490 | 1 |
_a[Manuales] ; _v736. _aComunicación |
|
| 504 | _aBibliografia | ||
| 650 | 7 |
_aPopulisme _2lemac |
|
| 650 | 0 |
_aFake news _2lemac _94796 |
|
| 650 | 0 |
_aDesinformació _2lemac _94286 |
|
| 650 | 7 |
_aExtrema dreta _2lemac |
|
| 650 | 0 |
_aDemocràcia _xInformàtica. _2lemac _94114 |
|
| 650 | 0 |
_aIntel·ligència artificial _xAspectes polítics. _2lemac _94722 |
|
| 700 | 1 |
_aGuerrero Solé, Frederic, _eeditor literari |
|
| 700 | 1 |
_aPérez-Altable, Laura, _eeditor literari |
|
| 700 | 1 |
_aRuiz Collantes, Xavier, _eescriptor d'un pròleg |
|
| 830 | 0 |
_aManuales (Editorial UOC) ; _v736 |
|
| 942 |
_2udc _cMON |
||